American birds : from plates by J. J. Audubon /

Bibliographic Details
Main Author: Audubon, John James, 1785-1851
Other Authors: Sitwell, Sacheverell, 1897-1988
Format: Book
Language:English
Published: London, New York : Batsford, [1949]
Series:Batsford colour books.
Subjects:

MARC

Tag First Indicator Second Indicator Subfields
LEADER 00000cam a2200000 4500
001 in00000046567
005 20151007073256.0
008 740312s1949 enkf 00010 eng u
010 |a  49009774  
035 |a (OCoLC)00827079 
035 |9 AAE9439AM 
040 |c CWR  |d TXA  |d UtOrBLW 
049 |a TXAM  |c [192033] 
050 0 0 |a QL674  |b .A9 1949 
092 |a 598.2  |b A916a 
100 1 |a Audubon, John James,  |d 1785-1851. 
245 1 0 |a American birds :  |b from plates by J. J. Audubon /  |c With an introd. and notes on the plates by Sacheverell Sitwell. 
264 1 |a London,  |a New York :  |b Batsford,  |c [1949] 
300 |a 12 pages :  |b 16 color plates. ;  |c 24 cm. 
336 |a text  |b txt  |2 rdacontent 
337 |a unmediated  |b n  |2 rdamedia 
338 |a volume  |b nc  |2 rdacarrier 
490 1 |a Batsford colour books 
500 |a Plates selected from Audubon's The birds of America. 
650 0 |a Birds  |z North America. 
650 0 |a Birds  |v Pictorial works. 
700 1 |a Sitwell, Sacheverell,  |d 1897-1988. 
830 0 |a Batsford colour books. 
999 |a MARS 
999 f f |s 266aa483-5abc-3b57-a8ab-003f950ecdfb  |i b2c8cf04-cf15-311f-99e3-951b04a7e21d  |t 0 
952 f f |p ric  |a Texas A&M University  |b Rellis Campus  |c Joint Library Facility  |d Remote Storage  |t 0  |e QL674 .A9 1949  |h Library of Congress classification  |i unmediated -- volume  |m A14801020262 
998 f f |a QL674 .A9 1949  |t 0  |l Remote Storage